000 00838nam a2200277 i 4500
003 DO-SdBNP
005 20250206101004.0
007 ta
008 230626b2022 dr ||||| |||| 00| 0 spa d
020 _a9789945181425
040 _aDO-SdBNP
_bspa
_cBNPHU
_erda
082 4 _222
100 1 _aDisla, Edwin,
_d1961-
_eautor
_928921
245 1 0 _aManolo /
_cEdwin Disla
250 _a2a ed.
264 _aSanto Domingo :
_bSoto Castillo,
_c2022.
300 _a616 páginas ;
_c23 cm.
336 _2rdacontent
_atexto
_btxt
337 _2rdamedia
_asin mediación
_bn
338 _2rdacarrier
_avolumen
_bnc
500 _aIncluye datos biográficos del autor en la solapa de la cubierta
586 _aPremio Nacional de Novela Manuel de Jesús Galván 2007.
590 _aInventariado, 2023/BT
910 _aBtavárez
942 _2ddc
_cLBS1
999 _c53944
_d53944